<?xml version="1.0" encoding="UTF-8"?><?xml-stylesheet type="text/xsl" href="static/style.xsl"?><OAI-PMH xmlns="http://www.openarchives.org/OAI/2.0/" xmlns:xsi="http://www.w3.org/2001/XMLSchema-instance" xsi:schemaLocation="http://www.openarchives.org/OAI/2.0/ http://www.openarchives.org/OAI/2.0/OAI-PMH.xsd"><responseDate>2026-04-13T05:03:21Z</responseDate><request verb="GetRecord" identifier="oai:www.recercat.cat:2072/423679" metadataPrefix="marc">https://recercat.cat/oai/request</request><GetRecord><record><header><identifier>oai:recercat.cat:2072/423679</identifier><datestamp>2024-10-29T15:31:53Z</datestamp><setSpec>com_2072_98</setSpec><setSpec>col_2072_378197</setSpec></header><metadata><record xmlns="http://www.loc.gov/MARC21/slim" xmlns:dcterms="http://purl.org/dc/terms/" xmlns:xsi="http://www.w3.org/2001/XMLSchema-instance" xmlns:doc="http://www.lyncode.com/xoai" xsi:schemaLocation="http://www.loc.gov/MARC21/slim http://www.loc.gov/standards/marcxml/schema/MARC21slim.xsd">
   <leader>00925njm 22002777a 4500</leader>
   <datafield ind2=" " ind1=" " tag="042">
      <subfield code="a">dc</subfield>
   </datafield>
   <datafield ind2=" " ind1=" " tag="720">
      <subfield code="a">Maluquer de Motes, Jordi,</subfield>
      <subfield code="e">author</subfield>
   </datafield>
   <datafield ind2=" " ind1=" " tag="260">
      <subfield code="c">2009</subfield>
   </datafield>
   <datafield ind2=" " ind1=" " tag="520">
      <subfield code="a">Este trabajo responde a la réplica de Leandro Prados de la Escosura acerca de mi estimación de la serie histórica del Producto Interior Bruto de España (R.E.A., 49 (XVII), 2009, págs. 5 a 45). Demuestra que el IPC es el mejor deflactor disponible para reconstruir el PIB antes de la CNE porque mide correctamente las variaciones interanuales del nivel general de precios. Emplea un procedimiento de enlace de la serie histórica de la contabilidad nacional que es consistente con los nuevos sistemas de cuentas nacionales SCN-93 y SEC-95 y coincide con los empleados por todos los organismos económicos internacionales. La actualización del sistema contable, con la inclusión de la economía sumergida y de la producción para uso final propio, ha dejado obsoletas las estimaciones anteriores y exige estimaciones de segunda generación, con la inevitable readaptación de los niveles relativos de las distintas economías.</subfield>
   </datafield>
   <datafield tag="653" ind2=" " ind1=" ">
      <subfield code="a">Producte interior brut 1850-2008 Espanya</subfield>
   </datafield>
   <datafield tag="653" ind2=" " ind1=" ">
      <subfield code="a">Desenvolupament econòmic Història 1850-2008 Espanya</subfield>
   </datafield>
   <datafield ind2="0" ind1="0" tag="245">
      <subfield code="a">Viajar a través del Cosmos : la medida de la creación de riqueza y la serie histórica del producto interior bruto en España (1850-2008)</subfield>
   </datafield>
</record></metadata></record></GetRecord></OAI-PMH>